Élelmiszervizsgálati közlemények = Journal of food investigation - 65. évf. (2019) 1. sz.

Elmentve itt :
Bibliográfiai részletek
További közreműködők: Szigeti Tamás János
Szunyogh Gábor
Gagán Anita
Hantosi Zsolt
Dokumentumtípus: Folyóirat
Megjelent: WESSLING Nemzetközi Kutató és Oktató Központ Közhasznú Nonprofit Kft. Budapest 2019
Sorozat:Élelmiszervizsgálati közlemények 65 No. 1
Kulcsszavak:Élelmiszerbiztonság - tanulmányok, Élelmiszervizsgálat - tanulmányok, Élelmiszeripar - tanulmányok
Online Access:http://acta.bibl.u-szeged.hu/79008
LEADER 00969nas a2200229 i 4500
001 acta79008
005 20230703140937.0
008 230703s2019 hu o 0|| hun d
022 |a 0422-9576 
040 |a SZTE Egyetemi Kiadványok Repozitórium  |b hun 
041 |a hun 
041 |a eng 
245 0 0 |a Élelmiszervizsgálati közlemények = Journal of food investigation - 65. évf. (2019) 1. sz.  |h [elektronikus dokumentum] 
260 |a WESSLING Nemzetközi Kutató és Oktató Központ Közhasznú Nonprofit Kft.  |b Budapest  |c 2019 
300 |a p. 2340-2434. 
490 0 |a Élelmiszervizsgálati közlemények  |v 65 No. 1 
695 |a Élelmiszerbiztonság - tanulmányok, Élelmiszervizsgálat - tanulmányok, Élelmiszeripar - tanulmányok 
700 0 1 |a Szigeti Tamás János 
700 0 1 |a Szunyogh Gábor 
700 0 1 |a Gagán Anita 
700 0 1 |a Hantosi Zsolt 
856 4 0 |u http://acta.bibl.u-szeged.hu/79008/1/elelmiszervizsgalati_kozlemenyek_2019_01.pdf  |z Dokumentum-elérés